<?xml version="1.0" encoding="UTF-8"?>
<collection xmlns="http://www.loc.gov/MARC21/slim">
 <record>
  <leader>01591nam a2200205Ia 4500</leader>
  <controlfield tag="001">CTU_139632</controlfield>
  <controlfield tag="008">210402s9999    xx            000 0 und d</controlfield>
  <datafield tag="020" ind1=" " ind2=" ">
   <subfield code="c">29500</subfield>
  </datafield>
  <datafield tag="082" ind1=" " ind2=" ">
   <subfield code="a">330.9597</subfield>
  </datafield>
  <datafield tag="082" ind1=" " ind2=" ">
   <subfield code="b">Th103</subfield>
  </datafield>
  <datafield tag="100" ind1=" " ind2=" ">
   <subfield code="a">Văn, Thái</subfield>
  </datafield>
  <datafield tag="245" ind1=" " ind2="0">
   <subfield code="a">Địa lý kinh tế Việt Nam</subfield>
  </datafield>
  <datafield tag="245" ind1=" " ind2="0">
   <subfield code="c">Văn Thái</subfield>
  </datafield>
  <datafield tag="260" ind1=" " ind2=" ">
   <subfield code="a">Thành phố Hồ Chí Minh</subfield>
  </datafield>
  <datafield tag="260" ind1=" " ind2=" ">
   <subfield code="b">Thống kê</subfield>
  </datafield>
  <datafield tag="260" ind1=" " ind2=" ">
   <subfield code="c">2003</subfield>
  </datafield>
  <datafield tag="520" ind1=" " ind2=" ">
   <subfield code="a">Địa lý kinh tế - xã hội là một bộ phận kiến thức không thể thiếu được trong việc đào tạo giáo viên địa lý tnhất là trong giai đoạn hiện nay nước ta đang thực hiện nền kinh tế mở và hoạt động kinh tế trên thế giới ngày càng sôi động, ảnh hưởng đến nền kinh tế xã hội của các quốc gia. Để giúp các bạn sinh viên Sư phạm có được một tài liệu học tập hữu ích, cuốn sách Địa Lý Kinh Tế - Xã Hội Việt nam  Địa Lý Kinh Tế - Xã Hội được biên soạn nhằm mục dích đáp ứng được nhu cầu học tập của các bạn sinh viên Sư phạm Địa lý cũng như sinh viên thuộc một số ngành học khác có liên quan khi nghiên cứu và tìm hiểu nội dung về địa lý kinh tế xã hội Việt Nam</subfield>
  </datafield>
  <datafield tag="650" ind1=" " ind2=" ">
   <subfield code="a">Economic geography</subfield>
  </datafield>
  <datafield tag="904" ind1=" " ind2=" ">
   <subfield code="i">Nguyên</subfield>
  </datafield>
  <datafield tag="980" ind1=" " ind2=" ">
   <subfield code="a">Trung tâm Học liệu Trường Đại học Cần Thơ</subfield>
  </datafield>
 </record>
</collection>
